000 00564nam a2200217Ia 4500
003 OSt
005 20230426114413.0
008 210423s1983 xx 000 0 und d
020 _a-
040 _cAL
041 _aeng
082 _a660.028 RAGN
100 _aRAGHURAMULU (N);others.
_993320
245 _aManual of laboratory techniques.
260 _aHyderabad
_bNational Instiutute of Nutrition
_c1983
300 _axii,133
365 _cINR
650 _aChemical Engineering
_993321
906 _alaboratory ; Manual ; techniques
942 _2ddc
_cBK
999 _c162709
_d162709